000 00491nam a2200181Ia 4500
005 20250508155355.0
008 008 250505s9999 xx 000 0 eng d
037 _aTextual
040 _aFEDL
_beng
_cFEDL
041 _aeng
_2eng
084 _a370.7, NAT
_qFEDL
245 0 _aSchools for the sixties
260 _aNew York, USA
_bMcGraw Hill Book Company
_c1963
300 _axii,146p.
650 _aEducation
942 _cTEXL
_h370.7, NAT
999 _c1356340
_d1356340